| 000 | 00618cam a2200145ua 4500 | ||
|---|---|---|---|
| 041 |
_aeng _h |
||
| 082 |
_a331.3 _bIND/CO |
||
| 110 | 1 |
_aIndian Standard Institution . _b _c() |
|
| 245 | _aCode of practice for laying in-situ cement concrete flooring | ||
| 260 |
_aNew Delhi : _bIndian Standards Institution , _c1971. |
||
| 300 | _a25 ; . | ||
| 504 | _a | ||
| 942 | _cBK | ||
| 999 |
_c6962 _d6962 |
||